History of the United Nations charter: the role of the United States, 1940-1945 (Record no. 425648)

000 -LEADER
fixed length control field 00497cam a22001457a 4500
008 - FIXED-LENGTH DATA ELEMENTS--GENERAL INFORMATION
fixed length control field 180718b1958 xxu||||| |||| 00| 0 eng d
082 ## - DEWEY DECIMAL CLASSIFICATION NUMBER
Classification number D613 R913
100 ## - MAIN ENTRY--PERSONAL NAME
Personal name Russell, Ruth B.
245 ## - TITLE STATEMENT
Title History of the United Nations charter: the role of the United States, 1940-1945
Statement of responsibility, etc. by Ruth B. Russell
260 ## - PUBLICATION, DISTRIBUTION, ETC.
Place of publication, distribution, etc. Washington
Name of publisher, distributor, etc. Brookings Institution
Date of publication, distribution, etc. 1958
300 ## - PHYSICAL DESCRIPTION
Extent xviii, 1140p
650 ## - SUBJECT ADDED ENTRY--TOPICAL TERM
Topical term or geographic name entry element United Nations --United States
650 ## - SUBJECT ADDED ENTRY--TOPICAL TERM
Topical term or geographic name entry element United Nations --History
650 ## - SUBJECT ADDED ENTRY--TOPICAL TERM
Topical term or geographic name entry element United Nations. Charter
Holdings
Withdrawn status Lost status Damaged status Not for loan Permanent Location Current Location Date acquired Full call number Barcode Date last seen Price effective from Koha item type
        Indian Institute of Public Administration Indian Institute of Public Administration 2009-10-12 D613 R913 15159 2018-07-21 2018-07-21 Book

Powered by Koha